000 00229nam a2200097Ia 4500
008 230915s9999 xx 000 0 und d
050 _aBF 39 .A76 1999
100 _aARON ARTHUR
245 0 _aSTATISTICS FOR PSYCHOLOGY
942 _cBK
999 _c63999
_d63999